| 000 | 00689nam a22002417a 4500 | ||
|---|---|---|---|
| 003 | UA-OsUOA | ||
| 001 | 38907 | ||
| 007 | ta | ||
| 008 | 20080228b un ||||| |||| 00| 0 ukr d | ||
| 090 |
_a050/94(477).152США _bБ98 |
||
| 942 | _cMG | ||
| 040 |
_aUA-OsUOA _bukr _cUA-OsUOA _dUA-OsUOA |
||
| 245 | _aБюлетень Наукового Товариства ім. Шевченка в Америці | ||
| 300 | _a56 с. | ||
| 955 | _a4 | ||
| 041 | _aukr | ||
| 080 | _a050/94(477).152США | ||
| 260 |
_aН.-Й. _bНТШ |
||
| 246 | 3 | 1 | _aНТШ-а пам'ятає Голодомор 1932 - 1933 |
| 310 | _aЧисло 24(40), 2007 | ||
| 650 | 7 | _2UDC | |
| 999 |
_c437419 _d437419 |
||